[Event "X Torneo Leonardo di Bona A"]
[Site "Cutro ITA"]
[Date "2004.04.23"]
[Round "1"]
[White "Del Rio Angelis, Salvador Gabriel"]
[Black "Parrella, Alfredo"]
[Result "1-0"]
[WhiteElo "2506"]
[BlackElo "2178"]
[PlyCount "85"]
[EventDate "2004.04.23"]

1. e4 c5 2. Nf3 e6 3. d4 cxd4 4. Nxd4 Nc6 5. Nb5 d6 6. c4 Nf6 7. N5c3 Be7 8. g3
b6 9. Bg2 Bb7 10. O-O O-O 11. b3 h6 12. Bb2 a6 13. Na3 Qc7 14. Qe2 Ne5 15. Nc2
Rac8 16. Ne3 Qb8 17. Rfe1 Rfe8 18. Rad1 Bc6 19. Nc2 Bb7 20. h3 Ned7 21. Nd4 Qc7
22. Rc1 Qb8 23. Rc2 Bd8 24. Qd1 Be7 25. Rd2 Ne5 26. Nc2 Qc7 27. f4 Ng6 28. Kh2
e5 29. f5 Nf8 30. Ne3 Red8 31. Qb1 N8h7 32. Red1 Qb8 33. Qd3 Qc7 34. h4 Bc6 35.
Ncd5 Nxd5 36. exd5 Bd7 37. Bxe5 dxe5 38. d6 Qc5 39. dxe7 Qxe7 40. Qd6 Qxd6 41.
Rxd6 Nf6 42. Rxb6 Be8 43. Nd5 1-0

[Event "X Torneo Leonardo di Bona A"]
[Site "Cutro ITA"]
[Date "2004.04.23"]
[Round "1"]
[White "Ernst, Thomas"]
[Black "Scerbo, Antonio"]
[Result "1-0"]
[WhiteElo "2464"]
[BlackElo "2097"]
[PlyCount "67"]
[EventDate "2004.04.23"]

1. e4 c5 2. Nf3 Nc6 3. d4 cxd4 4. Nxd4 Nf6 5. Nc3 e5 6. Ndb5 d6 7. Bg5 a6 8.
Na3 b5 9. Bxf6 gxf6 10. Nd5 Bg7 11. Bd3 Ne7 12. Nxe7 Qxe7 13. c3 O-O 14. Nc2 f5
15. Ne3 f4 16. Nd5 Qg5 17. g3 Rb8 18. Qd2 Re8 19. O-O-O Qd8 20. gxf4 f5 21.
Rhg1 Kh8 22. exf5 e4 23. Rxg7 Kxg7 24. f6+ Kf7 25. Be2 Bf5 26. Bh5+ Bg6 27. f5
Re5 28. Qh6 Qg8 29. Ne7 Rxe7 30. fxe7 Bxh5 31. Qe6+ Kg7 32. Rg1+ Bg6 33. Rxg6+
hxg6 34. f6+ 1-0

[Event "X Torneo Leonardo di Bona A"]
[Site "Cutro ITA"]
[Date "2004.04.23"]
[Round "1"]
[White "Kaps, Darja"]
[Black "Zelcic, Robert"]
[Result "0-1"]
[WhiteElo "2185"]
[BlackElo "2509"]
[PlyCount "119"]
[EventDate "2004.04.23"]

1. e4 Nf6 2. e5 Nd5 3. c4 Nb6 4. d4 d6 5. Nf3 Bg4 6. exd6 cxd6 7. Be2 e6 8. O-O
Be7 9. Nc3 O-O 10. b3 d5 11. Bb2 dxc4 12. bxc4 Nc6 13. d5 Na5 14. Qd4 Bxf3 15.
gxf3 Bf6 16. Qg4 exd5 17. cxd5 Qc8 18. Rac1 Re8 19. Bb5 Qxg4+ 20. fxg4 Red8 21.
Rfd1 Nac4 22. Bxc4 Nxc4 23. Ba1 Rac8 24. Kg2 Nb6 25. d6 Rc4 26. Kf3 h5 27. gxh5
Rh4 28. Nd5 Bxa1 29. Rxa1 Nc4 30. Nf4 Ne5+ 31. Ke4 Nc6 32. d7 Kf8 33. Rd5 Ne7
34. Rd6 g5 35. hxg6 Nxg6 36. Rxg6 fxg6 37. Ke5 Kf7 38. Rd1 g5 39. Ne6 Ke7 40.
Nxd8 Kxd8 41. Kf5 Rxh2 42. Rd2 Rg2 43. Ke6 Rg1 44. Kf5 g4 45. Ke6 Rc1 46. Kf5
Rc4 47. Ke5 a6 48. Kd5 Rc3 49. Kd6 Rc7 50. Ke6 Rc5 51. Kd6 Rc3 52. a4 Rc6+ 53.
Ke5 Rc5+ 54. Ke6 Rh5 55. Kd6 Rh7 56. Kc5 Rxd7 57. Re2 Kc7 58. Re4 Rg7 59. a5
Rg8 60. Kb4 0-1

[Event "X Torneo Leonardo di Bona A"]
[Site "Cutro ITA"]
[Date "2004.04.23"]
[Round "1"]
[White "Kotronias, Vasilios"]
[Black "Wohl, Aleksandar H."]
[Result "1-0"]
[WhiteElo "2607"]
[BlackElo "2399"]
[PlyCount "85"]
[EventDate "2004.04.23"]

1. e4 g6 2. d4 Bg7 3. Nc3 a6 4. f4 d5 5. Nxd5 e6 6. Ne3 Qxd4 7. Bd3 Nc6 8. Nf3
Qc5 9. O-O Nf6 10. Kh1 Bd7 11. c3 Rd8 12. Qe1 O-O 13. b4 Qe7 14. a4 b5 15. axb5
axb5 16. e5 Ne8 17. Nc2 f6 18. Be3 fxe5 19. Bc5 Nd6 20. Nxe5 Rxf4 21. Rxf4 Nxe5
22. Be4 Qg5 23. Be3 Nxe4 24. Rxe4 Qf5 25. Qh4 Nc6 26. Nd4 Qd5 27. Rf1 e5 28.
Nxc6 Bxc6 29. Bc5 Re8 30. Re2 Qd3 31. Qf2 Qc4 32. Kg1 h6 33. Re3 Kh7 34. Qf7
Qxf7 35. Rxf7 Kg8 36. Rxc7 Bd5 37. Rd3 Be6 38. Rd6 Bf5 39. Rb7 e4 40. g4 Be6
41. Bd4 Bxd4+ 42. cxd4 e3 43. Rxb5 1-0

[Event "X Torneo Leonardo di Bona A"]
[Site "Cutro ITA"]
[Date "2004.04.23"]
[Round "1"]
[White "Lazic, Miroljub"]
[Black "Cetkovic, Sergio"]
[Result "1-0"]
[WhiteElo "2481"]
[BlackElo "2122"]
[PlyCount "71"]
[EventDate "2004.04.23"]

1. e4 c6 2. d4 d5 3. f3 dxe4 4. fxe4 e5 5. Nf3 exd4 6. Bc4 Be6 7. Bxe6 fxe6 8.
O-O e5 9. Nxe5 Nf6 10. Bg5 Nbd7 11. Nxd7 Qxd7 12. Nd2 Be7 13. e5 Nd5 14. Bxe7
Qxe7 15. Nc4 O-O-O 16. Qxd4 Kb8 17. Nd6 Rhf8 18. c4 Nc7 19. Rxf8 Rxf8 20. Rf1
Rxf1+ 21. Kxf1 Ne6 22. Qxa7+ Kxa7 23. Nc8+ Ka6 24. Nxe7 Ka5 25. Nf5 Kb4 26. Nd6
b6 27. Ke2 Kc5 28. Ke3 b5 29. cxb5 cxb5 30. Ne4+ Kd5 31. Nc3+ Kc4 32. Ne2 b4
33. Nf4 Nd4 34. b3+ Kc5 35. Ke4 Nc6 36. Ne6+ 1-0

[Event "X Torneo Leonardo di Bona A"]
[Site "Cutro ITA"]
[Date "2004.04.23"]
[Round "1"]
[White "Miladinovic, Igor"]
[Black "Mrdja, Milan"]
[Result "1-0"]
[WhiteElo "2614"]
[BlackElo "2405"]
[PlyCount "65"]
[EventDate "2004.04.23"]

1. d4 e6 2. Nc3 d5 3. e4 Bb4 4. Qg4 Nf6 5. Qxg7 Rg8 6. Qh6 dxe4 7. a3 Bxc3+ 8.
bxc3 Nbd7 9. a4 c5 10. a5 Qc7 11. Qd2 Qc6 12. Ne2 b6 13. c4 Ba6 14. axb6 axb6
15. Qc3 Ke7 16. Ng3 Bb7 17. d5 Qc7 18. Rb1 Rg6 19. Be2 Rag8 20. dxe6 fxe6 21.
Be3 h5 22. Bxh5 R6g7 23. Be2 Ng4 24. Bxg4 Rxg4 25. O-O Bc6 26. Rfd1 R4g6 27.
Qd2 Rg4 28. Rb3 Qe5 29. Ra3 Qc7 30. h4 Ne5 31. Bf4 Rf8 32. Bxe5 Qxe5 33. Ra7+
1-0

[Event "X Torneo Leonardo di Bona A"]
[Site "Cutro ITA"]
[Date "2004.04.23"]
[Round "1"]
[White "Movsziszian, Karen"]
[Black "Abatino, Maurizio"]
[Result "1-0"]
[WhiteElo "2511"]
[BlackElo "2224"]
[PlyCount "49"]
[EventDate "2004.04.23"]

1. g3 Nf6 2. Bg2 d5 3. Nf3 c6 4. d3 Bf5 5. O-O e6 6. b3 Be7 7. Bb2 O-O 8. Nbd2
h6 9. e3 a5 10. a4 Na6 11. Nd4 Bh7 12. f4 Qb6 13. Kh1 Rad8 14. Qe2 Nb4 15. N2f3
Rfe8 16. h3 Nd7 17. g4 Bd6 18. g5 hxg5 19. Nxg5 Bg6 20. e4 dxe4 21. Bxe4 Nf8
22. Bxg6 fxg6 23. Rae1 e5 24. fxe5 Bxe5 25. Rxf8+ 1-0

[Event "X Torneo Leonardo di Bona A"]
[Site "Cutro ITA"]
[Date "2004.04.23"]
[Round "1"]
[White "Naalden, Marc"]
[Black "Roeder, Matthias"]
[Result "0-1"]
[WhiteElo "2068"]
[BlackElo "2457"]
[PlyCount "82"]
[EventDate "2004.04.23"]

1. d4 Nf6 2. Bg5 Ne4 3. Bf4 c5 4. f3 Qa5+ 5. c3 Nf6 6. d5 Qb6 7. Bc1 d6 8. e4
g6 9. Nd2 Bg7 10. a4 O-O 11. Nc4 Qd8 12. g3 b6 13. Bg2 Ba6 14. Qb3 Nbd7 15. f4
Bxc4 16. Qxc4 a6 17. Ne2 b5 18. axb5 axb5 19. Rxa8 bxc4 20. Rxd8 Rxd8 21. Kd1
Ng4 22. Ke1 f5 23. h3 Ngf6 24. exf5 gxf5 25. g4 Nb6 26. Ng3 fxg4 27. hxg4 Nxg4
28. Bh3 Nf6 29. Be6+ Kh8 30. Nf5 Bf8 31. Nh4 Ra8 32. Ng6+ Kg7 33. f5 Ra1 34.
Ke2 Rxc1 35. Rxc1 hxg6 36. Rg1 Na4 37. Rxg6+ Kh7 38. Bf7 Nxb2 39. Rg1 Na4 40.
Bg6+ Kh6 41. Kf3 Nxc3 0-1

[Event "X Torneo Leonardo di Bona A"]
[Site "Cutro ITA"]
[Date "2004.04.23"]
[Round "1"]
[White "Napoli, Nicolo'"]
[Black "Predojevic, Borki"]
[Result "1-0"]
[WhiteElo "2127"]
[BlackElo "2490"]
[PlyCount "109"]
[EventDate "2004.04.23"]

1. e4 c5 2. c3 Nf6 3. e5 Nd5 4. d4 cxd4 5. cxd4 e6 6. Nc3 Nxc3 7. bxc3 d6 8.
Nf3 Qc7 9. Bd2 Nd7 10. Bd3 dxe5 11. O-O Be7 12. Nxe5 Nxe5 13. Bf4 Bd6 14. dxe5
Bxe5 15. Bb5+ Ke7 16. Bxe5 Qxe5 17. Qa4 Qc5 18. Rfd1 Rd8 19. Rxd8 Kxd8 20. Rd1+
Ke7 21. Bd7 g5 22. h4 h6 23. Rd3 Kf8 24. hxg5 hxg5 25. Bb5 Ke7 26. Bd7 Kf8 27.
Bb5 a6 28. Rd8+ Ke7 29. Re8+ Kf6 30. Bf1 b5 31. Qa5 Kg7 32. a4 Qc6 33. Qd8 Qd5
34. Rg8+ Kh7 35. Bd3+ Qxd3 36. Qxd3+ Kxg8 37. axb5 axb5 38. Qxb5 f6 39. Qc6 Rb8
40. Qc7 Ra8 41. Qe7 f5 42. Qxg5+ Kf7 43. Qh5+ Kf6 44. Qh4+ Kf7 45. Qh7+ Kf6 46.
c4 Ba6 47. c5 Rc8 48. Qa7 Rc6 49. Qa8 Bb5 50. Qf8+ Kg5 51. f3 Ra6 52. Qg7+ Kf4
53. Qb2 Bc6 54. Kf2 Bd5 55. Qd2+ 1-0

[Event "X Torneo Leonardo di Bona A"]
[Site "Cutro ITA"]
[Date "2004.04.23"]
[Round "1"]
[White "Ristic, Nenad"]
[Black "Cordi', Domenico"]
[Result "1-0"]
[WhiteElo "2447"]
[BlackElo "2059"]
[PlyCount "93"]
[EventDate "2004.04.23"]

1. e4 c5 2. Nf3 d6 3. Bb5+ Nd7 4. d4 cxd4 5. Qxd4 a6 6. Bxd7+ Bxd7 7. Nc3 Bc6
8. Bg5 h6 9. Bh4 Qa5 10. O-O Nf6 11. b4 Qc7 12. a4 Rc8 13. Rfe1 e5 14. Qd3 g5
15. Bg3 Be7 16. Rac1 O-O 17. a5 b5 18. h4 g4 19. Nd2 Bd7 20. Nd1 Be6 21. c3 Nh5
22. Ne3 Qd8 23. Nf5 Bxf5 24. exf5 Bxh4 25. Bxh4 Qxh4 26. Qxd6 g3 27. fxg3 Nxg3
28. Nf3 Qf4 29. Qxe5 Qxe5 30. Nxe5 Nxf5 31. Nd7 Rfd8 32. Rcd1 Kg7 33. Nc5 Rxd1
34. Rxd1 Rc6 35. Rd7 Kf6 36. Ra7 Nd6 37. Rxa6 Rxa6 38. Nxa6 Ke6 39. Nc7+ Kd7
40. Nd5 Kc6 41. Nf4 Ne4 42. Ne2 Nd6 43. Kf2 Nc8 44. Ke3 Kd5 45. Kd3 Na7 46. Nd4
h5 47. Nxb5 1-0

[Event "X Torneo Leonardo di Bona A"]
[Site "Cutro ITA"]
[Date "2004.04.23"]
[Round "1"]
[White "Straub, Peter"]
[Black "Drasko, Milan"]
[Result "0-1"]
[WhiteElo "2109"]
[BlackElo "2464"]
[PlyCount "58"]
[EventDate "2004.04.23"]

1. e4 e6 2. d3 d5 3. Nd2 Nf6 4. g3 dxe4 5. dxe4 e5 6. Bg2 Bc5 7. Ngf3 O-O 8.
O-O Nbd7 9. Qe2 b6 10. Nb3 Bd6 11. Nh4 a5 12. Be3 Ba6 13. c4 a4 14. Nd2 g6 15.
Rab1 Qe7 16. Bh6 Rfe8 17. h3 Nc5 18. b4 axb3 19. axb3 Bb7 20. Ra1 Ne6 21. Nhf3
Bb4 22. Rfc1 Nd7 23. h4 Ndc5 24. Qe3 f6 25. Rd1 Red8 26. Bf1 Rxa1 27. Rxa1 Nd4
28. Ra7 Nxf3+ 29. Nxf3 Bxe4 0-1

[Event "X Torneo Leonardo di Bona A"]
[Site "Cutro ITA"]
[Date "2004.04.23"]
[Round "1"]
[White "Tirard, Hugo"]
[Black "Blasco, Domenico"]
[Result "1-0"]
[WhiteElo "2444"]
[BlackElo "2032"]
[PlyCount "57"]
[EventDate "2004.04.23"]

1. e4 g6 2. d4 Bg7 3. Nc3 c6 4. Be3 d5 5. e5 Nh6 6. f4 f6 7. Nf3 Bg4 8. h3 Bxf3
9. Qxf3 O-O 10. exf6 exf6 11. O-O-O Nd7 12. g4 f5 13. Bd3 b5 14. Ne2 Qa5 15.
Kb1 Nb6 16. Ng3 Nc4 17. gxf5 Rab8 18. fxg6 Qb4 19. gxh7+ Kh8 20. Bxc4 bxc4 21.
Bc1 c3 22. b3 Bxd4 23. Ne2 Bg7 24. Rhg1 Nf5 25. Rg5 Rb6 26. Qd3 Nd6 27. Rxg7
Kxg7 28. Rg1+ Kh8 29. Qg6 1-0

[Event "X Torneo Leonardo di Bona A"]
[Site "Cutro ITA"]
[Date "2004.04.24"]
[Round "2"]
[White "Armentano, Alessio"]
[Black "Lazic, Miroljub"]
[Result "0-1"]
[WhiteElo "1991"]
[BlackElo "2481"]
[PlyCount "76"]
[EventDate "2004.04.23"]

1. e4 g6 2. d4 Bg7 3. Nc3 d6 4. f4 a6 5. Nf3 b5 6. Be3 Bb7 7. Bd3 Nf6 8. e5 Nd5
9. Nxd5 Bxd5 10. O-O Nd7 11. Qe2 O-O 12. c4 bxc4 13. Bxc4 Bxc4 14. Qxc4 Nb6 15.
Qc6 e6 16. h3 Nd5 17. Bd2 a5 18. Rac1 Qb8 19. b3 Rd8 20. Rf2 Qb6 21. g3 Qxc6
22. Rxc6 a4 23. b4 a3 24. Be1 Bf8 25. Rfc2 dxe5 26. dxe5 Bxb4 27. Bf2 Be7 28.
Re2 Rdb8 29. Bd4 Rb1+ 30. Kg2 Ra4 31. Rd2 Kf8 32. Re2 Rab4 33. Ra6 c5 34. Bf2
R4b2 35. Rxb2 axb2 36. Ra8+ Kg7 37. Rb8 Nb4 38. Nd2 Rd1 0-1

[Event "X Torneo Leonardo di Bona A"]
[Site "Cutro ITA"]
[Date "2004.04.24"]
[Round "2"]
[White "Bentivegna, Francesco"]
[Black "Antoniacci, Riccardo"]
[Result "1-0"]
[WhiteElo "2258"]
[BlackElo "2048"]
[PlyCount "67"]
[EventDate "2004.04.23"]

1. e4 c5 2. c3 d5 3. exd5 Qxd5 4. d4 Nf6 5. Nf3 Bg4 6. dxc5 Qxd1+ 7. Kxd1 Nbd7
8. b4 g6 9. Kc2 Bg7 10. Bd3 O-O 11. Nbd2 a5 12. Bb2 Nd5 13. a3 Rfc8 14. c4 N5f6
15. h3 Bxf3 16. Nxf3 b6 17. Rhe1 e6 18. Ne5 Nxe5 19. Bxe5 bxc5 20. b5 Nd7 21.
Bxg7 Kxg7 22. Be4 Ra7 23. Rad1 Nb6 24. Kc3 Rd7 25. Rxd7 Nxd7 26. Rd1 Ne5 27. f4
f5 28. Bxf5 exf5 29. fxe5 g5 30. Rd7+ Kg6 31. Rd6+ Kh5 32. b6 g4 33. hxg4+ fxg4
34. e6 1-0

[Event "X Torneo Leonardo di Bona A"]
[Site "Cutro ITA"]
[Date "2004.04.24"]
[Round "2"]
[White "Blagojevic, Dragisa"]
[Black "Tirard, Hugo"]
[Result "1/2-1/2"]
[WhiteElo "2514"]
[BlackElo "2444"]
[PlyCount "83"]
[EventDate "2004.04.23"]

1. d4 Nf6 2. c4 c5 3. d5 b5 4. Nf3 Bb7 5. a4 Qa5+ 6. Bd2 b4 7. Qc2 d6 8. e4 g6
9. Bd3 Bg7 10. O-O Qc7 11. h3 Nbd7 12. Be3 O-O 13. Nbd2 Rae8 14. Rfe1 e5 15. g4
Bc8 16. Nf1 h5 17. N3h2 Nb8 18. f3 Nh7 19. gxh5 Bxh3 20. Ng3 Qc8 21. Kh1 Kh8
22. Rg1 Rg8 23. hxg6 fxg6 24. Ngf1 Ref8 25. Qf2 Bf6 26. Qg3 g5 27. Ng4 Bxg4 28.
Qxg4 Be7 29. Qxc8 Rxc8 30. Nh2 Nf6 31. Bf1 Nh5 32. Bh3 Rcf8 33. Bf5 Nf4 34.
Rae1 Kg7 35. Bxf4 exf4 36. Be6 Rh8 37. e5 dxe5 38. Rxe5 Rh4 39. Kg2 Bf6 40. Re2
Rfh8 41. Kh1 Kg6 42. Bg4 1/2-1/2

[Event "X Torneo Leonardo di Bona A"]
[Site "Cutro ITA"]
[Date "2004.04.24"]
[Round "2"]
[White "Cordi', Domenico"]
[Black "Van Hoolandt, Patrick"]
[Result "0-1"]
[WhiteElo "2059"]
[BlackElo "2237"]
[PlyCount "78"]
[EventDate "2004.04.23"]

1. e4 e5 2. Nf3 Nc6 3. Bb5 Nf6 4. O-O Nxe4 5. Re1 Nd6 6. Nxe5 Be7 7. Nxc6 dxc6
8. Ba4 O-O 9. d4 Nf5 10. c3 Bd6 11. Nd2 Re8 12. Rxe8+ Qxe8 13. Nf3 Ne7 14. Bc2
Bf5 15. Be3 Rd8 16. Qe2 Qd7 17. Re1 Nd5 18. Bg5 Rf8 19. Bxf5 Qxf5 20. Qe4 Qxe4
21. Rxe4 h6 22. Bd2 Rd8 23. c4 f5 24. Re2 Nf6 25. Kf1 Ne4 26. Bc1 g5 27. h4 g4
28. Nd2 Nxd2+ 29. Bxd2 Bf8 30. Be3 Bg7 31. g3 b5 32. Rd2 Kf7 33. Ke2 Ke6 34. b4
a6 35. a4 Rd7 36. a5 Bf8 37. c5 Kd5 38. Kd3 Bg7 39. Re2 Re7 0-1

[Event "X Torneo Leonardo di Bona A"]
[Site "Cutro ITA"]
[Date "2004.04.24"]
[Round "2"]
[White "Epishin, Vladimir V."]
[Black "Ernst, Thomas"]
[Result "1-0"]
[WhiteElo "2610"]
[BlackElo "2464"]
[PlyCount "40"]
[EventDate "2004.04.23"]

1. d4 Nf6 2. c4 g6 3. Nc3 d5 4. Nf3 Bg7 5. Qb3 dxc4 6. Qxc4 O-O 7. e4 Bg4 8.
Bg5 Nc6 9. O-O-O Nd7 10. e5 Nb6 11. Qc5 Qd7 12. h4 Rfe8 13. Be2 e6 14. h5 Bxh5
15. Rh4 h6 16. Bf6 Bxf3 17. Bxf3 Bf8 18. Qxf8+ Kxf8 19. Rxh6 Ne7 20. Rh8+ Ng8
1-0

[Event "X Torneo Leonardo di Bona A"]
[Site "Cutro ITA"]
[Date "2004.04.24"]
[Round "2"]
[White "Garcia Palermo, Carlos Horacio"]
[Black "Movsziszian, Karen"]
[Result "1-0"]
[WhiteElo "2444"]
[BlackElo "2511"]
[PlyCount "93"]
[EventDate "2004.04.23"]

1. d4 g6 2. Nf3 Nf6 3. g3 Bg7 4. Bg2 O-O 5. O-O d6 6. c4 Nbd7 7. Nc3 e5 8. e3
c6 9. b3 Re8 10. a4 Nf8 11. dxe5 dxe5 12. Qxd8 Rxd8 13. Ba3 Bf5 14. a5 a6 15.
Nxe5 Ne8 16. f4 Nd7 17. Nxd7 Rxd7 18. Rac1 Rd3 19. e4 Bxc3 20. exf5 gxf5 21.
Bc5 Nf6 22. Rxc3 Rxc3 23. Bd4 Rxb3 24. Bxf6 Re8 25. Rd1 h6 26. Bh3 Ra3 27. Bxf5
Rxa5 28. Bd7 Re4 29. Bc8 Kh7 30. Be5 Raxe5 31. fxe5 b5 32. Bf5+ Kg7 33. Rd6 b4
34. Rxc6 Rxe5 35. g4 a5 36. Rb6 Re3 37. Rb5 Ra3 38. c5 Kf6 39. c6 Rc3 40. Rxa5
Rxc6 41. Rb5 Rc4 42. Kg2 h5 43. g5+ Kg7 44. Kf3 h4 45. Rb7 Kf8 46. Be4 Rc3+ 47.
Kf4 1-0

[Event "X Torneo Leonardo di Bona A"]
[Site "Cutro ITA"]
[Date "2004.04.24"]
[Round "2"]
[White "Janev, Evgeni"]
[Black "Cetkovic, Sergio"]
[Result "1/2-1/2"]
[WhiteElo "2405"]
[BlackElo "2122"]
[PlyCount "120"]
[EventDate "2004.04.23"]

1. e4 e5 2. Nf3 Nf6 3. Nxe5 d6 4. Nf3 Nxe4 5. Nc3 Nxc3 6. dxc3 Be7 7. Bf4 O-O
8. Qd2 Nc6 9. O-O-O Bf6 10. Bd3 Bg4 11. Be4 Re8 12. Rde1 Qd7 13. Qd3 g6 14. Ng5
Ne5 15. Qg3 Bf5 16. h4 h5 17. Bxf5 Qxf5 18. Ne4 Bg7 19. f3 Nc4 20. Qg5 Qxg5 21.
hxg5 Re6 22. b3 Ne5 23. c4 Rae8 24. Rd1 b6 25. Nc3 Nxc4 26. Nd5 Na3 27. Nxc7
Re2 28. Rd2 Rxd2 29. Nxe8 Rxc2+ 30. Kd1 Rxa2 31. Nxg7 Kxg7 32. g4 Nb5 33. Bd2
hxg4 34. fxg4 Kf8 35. Rh3 Ke7 36. Re3+ Kd7 37. Rd3 Ra1+ 38. Bc1 a5 39. Kc2 Na3+
40. Kd2 Ra2+ 41. Ke3 b5 42. Kf3 b4 43. Rd5 Rc2 44. Bf4 Rc6 45. Rxa5 Ke6 46. Bd2
Nc2 47. Ke4 Rb6 48. Kd3 Na3 49. Ra4 Kd5 50. Bxb4 Nb5 51. Bd2 Rb7 52. Rb4 Kc5
53. Rf4 Kd5 54. Be3 Rc7 55. Rc4 Re7 56. Rb4 Kc6 57. Ra4 Rb7 58. Ra6+ Kd5 59.
Ra5 Kc6 60. Ra6+ Kd5 1/2-1/2

[Event "X Torneo Leonardo di Bona A"]
[Site "Cutro ITA"]
[Date "2004.04.24"]
[Round "2"]
[White "Mrdja, Milan"]
[Black "Straub, Peter"]
[Result "1/2-1/2"]
[WhiteElo "2405"]
[BlackElo "2109"]
[PlyCount "27"]
[EventDate "2004.04.23"]

1. e4 e5 2. Nf3 Nc6 3. Bb5 a6 4. Ba4 Nf6 5. O-O Be7 6. Re1 b5 7. Bb3 O-O 8. h3
d6 9. c3 Bb7 10. d4 Nd7 11. Be3 Bf6 12. Nbd2 Re8 13. a4 Na5 14. Bc2 1/2-1/2

[Event "X Torneo Leonardo di Bona A"]
[Site "Cutro ITA"]
[Date "2004.04.24"]
[Round "2"]
[White "Napoli, Nicolo'"]
[Black "Del Rio Angelis, Salvador Gabriel"]
[Result "1/2-1/2"]
[WhiteElo "2127"]
[BlackElo "2506"]
[PlyCount "61"]
[EventDate "2004.04.23"]

1. e4 e5 2. Nf3 Nc6 3. d4 exd4 4. Nxd4 Nf6 5. Nxc6 bxc6 6. Bd3 d5 7. exd5 cxd5
8. Nc3 Be7 9. O-O O-O 10. Ne2 Ng4 11. Nf4 Qd6 12. h3 Nf6 13. Nh5 Nxh5 14. Qxh5
f5 15. Re1 Bf6 16. Qf3 Be6 17. Bf4 Qd7 18. Bxc7 Bxb2 19. Rab1 Bf6 20. Bb5 Qxc7
21. Rxe6 Qxc2 22. Qxd5 Kh8 23. Bd3 Rad8 24. Rd6 Qd2 25. Rb7 Qe1+ 26. Bf1 Bh4
27. Rb2 Rxd6 28. Qxd6 Rd8 29. Qxd8+ Bxd8 30. Re2 Qxe2 31. Bxe2 1/2-1/2

[Event "X Torneo Leonardo di Bona A"]
[Site "Cutro ITA"]
[Date "2004.04.24"]
[Round "2"]
[White "Palac, Mladen"]
[Black "Abatino, Maurizio"]
[Result "1/2-1/2"]
[WhiteElo "2565"]
[BlackElo "2224"]
[PlyCount "110"]
[EventDate "2004.04.23"]

1. e4 e6 2. d4 d5 3. Nc3 Bb4 4. e5 c5 5. a3 Bxc3+ 6. bxc3 Ne7 7. a4 Qa5 8. Bd2
Bd7 9. Qg4 Nbc6 10. Qxg7 O-O-O 11. Nf3 Nf5 12. Qf6 Rhg8 13. Nh4 Nxh4 14. Qxh4
Qb6 15. dxc5 Qxc5 16. f4 d4 17. Qf2 Qd5 18. c4 Qe4+ 19. Kd1 Ne7 20. Rg1 Nf5 21.
Bd3 Ne3+ 22. Ke2 Qc6 23. Bxe3 dxe3 24. Qf3 Qc7 25. Qxe3 Qa5 26. Qd2 Qc5 27. Qe3
Qa5 28. g3 Bc6 29. Kf2 Rd7 30. Qe1 Qc5+ 31. Qe3 Qa5 32. Rgb1 h5 33. h3 h4 34.
g4 Qc3 35. Ra2 Rgd8 36. Rb3 Qa5 37. Ra1 Rd4 38. Kg1 Qc5 39. a5 Kc7 40. Kh2 Rg8
41. c3 Rxc4 42. Qxc5 Rxc5 43. Kg1 Rd8 44. Be2 Rd2 45. Kf1 Bd5 46. Rba3 Rc2 47.
Rd1 R2xc3 48. Rd3 Rxd3 49. Bxd3 Kc6 50. Kf2 Rc1 51. Bh7 Kd7 52. f5 Rh1 53. f6
Rh2+ 54. Kg1 Rh1+ 55. Kf2 Rh2+ 1/2-1/2

[Event "X Torneo Leonardo di Bona A"]
[Site "Cutro ITA"]
[Date "2004.04.24"]
[Round "2"]
[White "Predojevic, Borki"]
[Black "Kaps, Darja"]
[Result "1-0"]
[WhiteElo "2490"]
[BlackElo "2185"]
[PlyCount "101"]
[EventDate "2004.04.23"]

1. e4 c6 2. d4 d5 3. exd5 cxd5 4. c4 Nf6 5. Nc3 Nc6 6. Nf3 Bg4 7. cxd5 Nxd5 8.
Qb3 Bxf3 9. gxf3 e6 10. Qxb7 Nxd4 11. Bb5+ Nxb5 12. Qc6+ Ke7 13. Qxb5 Qd7 14.
Nxd5+ Qxd5 15. Qxd5 exd5 16. O-O Kf6 17. Rd1 Rd8 18. Be3 Rd7 19. Rac1 Be7 20.
Rc6+ Kf5 21. Rd4 Bf6 22. Rf4+ Ke5 23. Ra4 Kf5 24. b3 d4 25. Ra5+ Be5 26. Bd2 g5
27. Bxg5 Kxg5 28. Rxe5+ Kf4 29. Rcc5 Kxf3 30. Kf1 Rg8 31. Rf5+ Ke4 32. Ke2 d3+
33. Kd2 Rg2 34. Rce5+ Kd4 35. Ra5 Ke4 36. Rae5+ Kd4 37. Re3 Rxh2 38. Rxd3+ Ke4
39. Rxd7 Kxf5 40. Rxf7+ Ke4 41. Rxa7 Rxf2+ 42. Kc3 h5 43. a4 h4 44. Rh7 Rh2 45.
b4 Rh1 46. b5 h3 47. Kb4 h2 48. Ka5 Kd5 49. Kb6 Ra1 50. Rxh2 Rxa4 51. Rd2+ 1-0

[Event "X Torneo Leonardo di Bona A"]
[Site "Cutro ITA"]
[Date "2004.04.24"]
[Round "2"]
[White "Roeder, Matthias"]
[Black "Kotronias, Vasilios"]
[Result "1-0"]
[WhiteElo "2457"]
[BlackElo "2607"]
[PlyCount "141"]
[EventDate "2004.04.23"]

1. d4 Nf6 2. c4 g6 3. Nc3 Bg7 4. e4 d6 5. Bd3 O-O 6. Nge2 Nc6 7. O-O e5 8. d5
Nd4 9. Nxd4 exd4 10. Nb5 Re8 11. Re1 Bd7 12. Nxd4 Nxd5 13. cxd5 Bxd4 14. Qc2 c6
15. dxc6 Bxc6 16. Be3 Bxe3 17. Rxe3 Rc8 18. Qd2 d5 19. e5 Qg5 20. h4 Qh6 21.
Qb4 d4 22. Qxd4 Rcd8 23. Qg4 Qxe3 24. fxe3 Rxd3 25. Qf4 Re6 26. Rf1 Rd7 27. h5
gxh5 28. e4 Rg6 29. Rf3 Re7 30. Rh3 Rg4 31. Rg3 Rg6 32. Rg5 Bxe4 33. Rxg6+ Bxg6
34. Qd4 Re6 35. Qxa7 Be4 36. Qd4 Bc6 37. Kf2 Kg7 38. g3 b5 39. Qc3 Kg6 40. Qc2+
Kg7 41. b3 Bd5 42. Qd3 Rxe5 43. Qxb5 f6 44. a4 Rf5+ 45. Ke3 Rg5 46. Qb8 Bxb3
47. a5 Bd5 48. a6 Re5+ 49. Kd4 Bf3 50. a7 Bh1 51. a8=Q Bxa8 52. Qxa8 Rg5 53.
Qb7+ Kg6 54. Qb8 Kf7 55. Ke4 Re5+ 56. Kf4 Rg5 57. Qc7+ Kg6 58. Qc8 Rg4+ 59. Kf3
Kf7 60. Qh8 Rg5 61. Qxh7+ Ke6 62. Kg2 Re5 63. Qg8+ Ke7 64. Qg7+ Ke6 65. Qf8 Rg5
66. Qe8+ Kd6 67. Kh3 Re5 68. Qf7 Rf5 69. Kh4 Ke5 70. Qe7+ Kd5 71. Kh3 1-0

[Event "X Torneo Leonardo di Bona A"]
[Site "Cutro ITA"]
[Date "2004.04.24"]
[Round "2"]
[White "Scerbo, Antonio"]
[Black "Contin, Daniel"]
[Result "0-1"]
[WhiteElo "2097"]
[BlackElo "2401"]
[PlyCount "74"]
[EventDate "2004.04.23"]

1. d4 Nf6 2. c4 e6 3. Nf3 b6 4. g3 Ba6 5. b3 Bb4+ 6. Bd2 Be7 7. Nc3 O-O 8. Bg2
c6 9. O-O d5 10. cxd5 cxd5 11. Ne5 Nfd7 12. Nxd7 Qxd7 13. Re1 f5 14. e3 Nc6 15.
Bf1 Bxf1 16. Rxf1 Rac8 17. Qe2 Qb7 18. Rfd1 a6 19. Be1 Rc7 20. Qb2 Bf6 21. Rac1
g5 22. Ne2 Rfc8 23. Bc3 h5 24. f3 Rg7 25. e4 Qf7 26. exd5 exd5 27. f4 Re8 28.
Qd2 Re4 29. Kf2 Qe6 30. Re1 h4 31. fxg5 Bxg5 32. Nf4 hxg3+ 33. hxg3 Bxf4 34.
gxf4 Qh6 35. Rh1 Rxf4+ 36. Ke2 Rg2+ 37. Kd3 Rxd4+ 0-1

[Event "X Torneo Leonardo di Bona A"]
[Site "Cutro ITA"]
[Date "2004.04.24"]
[Round "2"]
[White "Wohl, Aleksandar H."]
[Black "Naalden, Marc"]
[Result "1-0"]
[WhiteElo "2399"]
[BlackElo "2068"]
[PlyCount "53"]
[EventDate "2004.04.23"]

1. Nf3 g6 2. e4 Bg7 3. d4 c6 4. Nc3 d5 5. h3 dxe4 6. Nxe4 Nd7 7. Bc4 Ngf6 8.
Nxf6+ Nxf6 9. O-O O-O 10. Re1 Bf5 11. Bg5 Ne4 12. Bh4 g5 13. Bd3 gxh4 14. Bxe4
Bxe4 15. Rxe4 Qb6 16. b3 c5 17. c3 Rad8 18. Qd3 cxd4 19. cxd4 e5 20. Rxh4 Qg6
21. Qxg6 hxg6 22. dxe5 Rfe8 23. Re4 f6 24. Rae1 Rd5 25. exf6 Rxe4 26. Rxe4 Bxf6
27. g4 1-0

[Event "X Torneo Leonardo di Bona A"]
[Site "Cutro ITA"]
[Date "2004.04.24"]
[Round "2"]
[White "Zelcic, Robert"]
[Black "Brancaleoni, Maurizio"]
[Result "1-0"]
[WhiteElo "2509"]
[BlackElo "2296"]
[PlyCount "65"]
[EventDate "2004.04.23"]

1. e4 d6 2. d4 Nf6 3. Nc3 Nbd7 4. Nf3 e5 5. Bc4 Be7 6. O-O O-O 7. a4 c6 8. Ba2
b6 9. h3 a6 10. Qe2 Rb8 11. dxe5 dxe5 12. Bg5 b5 13. axb5 axb5 14. Rfd1 Qc7 15.
Bh4 h6 16. Bb3 Re8 17. Rd2 Nh7 18. Bxe7 Rxe7 19. Qe3 Nhf6 20. Nh4 Nf8 21. Rad1
Be6 22. Bxe6 Nxe6 23. Nf5 Ree8 24. b4 Nh5 25. Rd7 Qb6 26. Qf3 Nhf4 27. h4 Nf8
28. Qg4 N4g6 29. h5 Nxd7 30. hxg6 Rf8 31. Rxd7 Rb7 32. gxf7+ Rxf7 33. Nxh6+ 1-0